01705nam a2200193 a 4500008004100000020001800041092002100059100003000080245005900110250001100169260003800180300001100218500009900229505093800328655002401266942001201290999001501302952019401317130926s2007 ag ||||g |||| 00| 0aspa d a9789875662902 c617.092l24sFAV1 aFavaloro, René G.92612 aDe La Pampa a los Estados Unidos /cRené G. Favaloro a2a ed. aBuenos Aires:bDeBolsillo;c2007. a189 p. aFavaloro, R. G. (2007). De la pampa a los Estados Unidos. (2a ed.). Buenos Aires : DeBolsillo. aLa vida de los hombres oculta razones, decisiones y matices que sólo los protagonistas de esas vidas conocen a fondo. El testimonio del doctor Favaloro permite a los lectores adentrarse en una vida apasionante, tanto por las convicciones que la alientan como por los abundantes episodios anecdóticos que ayudan a entenderla. La carrera profesional del médico argentino que viajó a Estados Unidos para perfeccionarse y logró convertirse en un cirujano eminente está aquí junto a las profundas reflexiones de un hombre cuyos múltiples intereses provocan curiosidad, admiración y respeto. Nada lo humano fue ajeno para quien eligió el oficio de mejorar la vida. El empeño vocacional a través del paso de los años, la especialización y sus vínculos con la vida cotidiana, las obligaciones y el exilio, la libertad y el arraigo son temas que De La Pampa a los Estados Unidos aborda con deslumbrante lucidez.  aAutobiografia93567 2ddccBK c1682d1682 00102ddc40708FICaBFMbBFMcCRd2013-09-26eDonacion Juan Manuel Martinezl7m3o617.092 24 FAVp3152r2019-02-14s2018-12-14tEj. 1w2013-09-26yLITzDonacion Med. Juan Manuel Martinez